Historia juris canonici latini: institutiones academicae

Guardat en:
Dades bibliogràfiques
Autor principal: Stickler, Alphonsus M (Autor)
Format: Llibre
Idioma:llatí
Publicat: Roma LAS 1985
Col·lecció:Studia et textus historiae juris canonici, 6
Matèries:
Etiquetes: Afegir etiqueta
Sense etiquetes, Sigues el primer a etiquetar aquest registre!

MARC

LEADER 00000nam a2200000 a 4500
001 UCQ4654
003 CL-VaPUC
008 980910e19850000IT |||||||||||||||||lat|d
082 0 4 |a 262.92  |b STI  |2 21 
100 0 |a Stickler, Alphonsus M  |e author  |9 418829 
245 1 0 |a Historia juris canonici latini: institutiones academicae 
300 |a v 
942 |c BK 
945 |d 19980910 00:00:00  |a mvenant 
260 |a Roma  |b LAS  |c 1985 
500 |a v.1: Historia Fontium 
650 7 |a DERECHO CANONICO  |2 CL-VaPUC  |9 418830 
650 0 |a Historia  |9 255047 
583 |a last modification  |c 19980910 00:00:00  |k Rodrigo Vera 
490 0 |a Studia et textus historiae juris canonici, 6 
999 |c 274973  |d 274971 
952 |0 0  |1 0  |4 0  |6 262_920000000000000_STI_1985  |7 0  |8 DER_HDC  |9 311404  |a BIBDER  |b BIBDER  |d 2019-11-20  |i 3436454  |o 262.92 STI 1985  |p 3436454  |r 2023-01-25  |w 2019-11-20  |x Ubicación 4to Piso  |y BK  |z Estos recursos deben solicitarse con anticipación  |k DER